Travel Around the World - Statistics

General Stats
  • This quiz has been taken 19 times
  • The average score is 30 of 77
Answer Stats
Hint City % Correct
We start at this city in eastern China, home to the largest container port in the world Shanghai
94%
We sail southeast 500 kilometers to this country to watch the 2022 FIFA World Cup Qatar
65%
We cross the mountains and arrive at this coastal city, the world capital of architecture Barcelona
59%
We take a ferry across the strait, then go southwest along the coast to reach this city of the “White House” Casablanca
59%
We now head northwest for 500 kilometers to visit this tower in the city of lights Eiffel Tower
59%
From Urumqi, we head west until we cross the border into this country Kazakhstan
59%
We visit one of the two prestigious universities within 100 kilometers of the capital city Oxford / Cambridge
59%
We go back across the channel to visit this museum in the city of lights, the largest in the world The Louvre
59%
From here, we get on a train and travel across a channel to this country United Kingdom
59%
We now go northeast until we reach the coast, then follow the coast east to Tunis, passing this country Algeria
53%
We now sail north to a city on the mainland, named after this goddess Athena
53%
We sail down this river until we pass into this country Bangladesh
53%
We head west until we reach this major inland sea Caspian Sea
53%
We continue our course west and sail for 500 kilometers to this Greek island Crete
53%
We continue west to the sea and take a ship to this nearby island country Cyprus
53%
We go south and west along the coast, until we reach this British territory Gibraltar
53%
From here, we turn northeast and sail northeast 600 kilometers to this special administrative region Hong Kong
53%
From here, we sail southwest and reach this country Iran
53%
We turn west here and drive 25 kilometers to this ancient city Jerusalem
53%
From Singapore, we travel 350 kilometers northwest to this city to visit the Petronas Towers Kuala Lumpur
53%
We continue sailing up the river for 5000 kilometers until we reach this lake, origin of the river Lake Victoria
53%
We sail south to the capital city of this country, then go east along the coast to Egypt Libya
53%
We head east until we reach the coast, then sail east to this small island country Malta
53%
Now we get on a ship and sail northwest for 4000 kilometers to this major city on India’s western coast Mumbai
53%
We abandon ship and drive 300 kilometers west to the city where this famous beer festival is taking place Oktoberfest
53%
We continue east to a major port city, then turn southeast to visit these gigantic structures Pyramids of Giza
53%
We head south for 500 kilometers and arrive at this mountain range Pyrenees
53%
We head south 500 kilometers to Rome, passing this country on the way San Marino
53%
We continue northeast to New Delhi, then sail down the Yamuna to this white marble mausoleum Taj Mahal
53%
From here, we get in a canoe and sail up the river to this great dam Aswan Dam
47%
We then drive east into this mountain range, then turn northeast to reach Fes Atlas Mountains
47%
We turn east and sail for 300 kilometers to visit this tall skyscraper Burj Khalifa
47%
We continue sailing north along the coast until we reach the delta of this European river Danube River
47%
We turn northwest and ride 1000 kilometers to visit this famous saltwater lake Dead Sea
47%
We continue sailing down the Yamuna until we merge with this sacred river Ganges River
47%
We change our course northeastwards to visit this ancient mosque in a trans-continental city Hagia Sophia
47%
We turn north and drive 300 kilometers and reach the city on this major lake Lake Geneva
47%
We turn northeast 200 kilometers to return home, which is this city Shanghai
47%
We turn southeast until we reach the coast, then watch the carnival in this city built on water Venice
47%
We sail up this river, to this city where we can listen to a concert in the Golden Hall Vienna
47%
We continue northwest until we reach Zhengzhou on the southern bank of this river Yellow River
47%
We have now finished our trip. Did you enjoy it? (Yes or No) Yes
47%
We visit this film studio in the city, famous for producing many Indian movies Bollywood
41%
Now we ride on a caravan west 1500 kilometers to reach the city to complete this Muslim pilgrimage Hajj
41%
We then go by land 200 kilometers southeast to this city on the coast Ho Chi Minh City
41%
We continue in our direction to this oil-rich city on the coast Kuwait City
41%
We sail down the Tonlé Sap, merging into this river in Phnom Penh Mekong River
41%
We drive 300 kilometers northwest to this “Southern Capital” of China Nanjing
41%
In Rome, we will visit this cathedral that belongs to another country St. Peter’s Basilica
41%
We continue sailing south until we reach this Indonesian Island Sumatra
41%
We turn west 500 kilometers to Xi’an to see this collection of sculptures Terracotta Army
41%
From Tashkent, we head southwest, visiting these two famous cities on the Silk Road Samarkand
35%
We continue west for 400 kilometers to reach this disputed region Kurdistan
29%
We now abandon ship and travel east 500 kilometers to this former royal capital of Myanmar Mandalay
29%
We sail south to reach the other side of the lake, then go east to visit this national park to see wildlife migration Serengeti
29%
From this city, we sail down this river until we reach the Andaman Sea Irrawaddy River
24%
We turn west 300 kilometers to visit Angkor Wat in this city Siem Reap
24%
We then turn our course southeast and sail through this strait to Singapore Strait of Malacca
24%
We head 700 kilometers southeast to this historically-famous archipelago Zanzibar
24%
We go north 500 kilometers, then turn northeast 600 kilometers to this "pink city" Jaipur
18%
We sail down this river to the capital city of the country we are visiting Tigris River
18%
We head south 100 kilometers to reach this city that had hosted the Winter Olympics in this year 1976
12%
We continue southwest for about 400 kilometers to this city of white marble buildings Ashgabat
12%
Bukhara
12%
From here, we sail northwest for another 500 kilometers to a micro-state to visit this famous building Casino de Monte-Carlo
12%
We sail northeast along the coast, then turn north to this resort city on Hainan Island Sanya
12%
We head north 1000 kilometers to Bangkok to visit this sacred Buddhist temple Wat Phra Kaew
12%
We continue west 200 kilometers to visit this beautiful urban lake in Hangzhou West Lake
12%
We then visit this monumental tower in a city square in the capital city of this country Azadi Tower
6%
From Tunis, we go 100 kilometers south to this city, the fourth-holiest in Islam Kairouan
6%
We drive east 200 kilometers to visit this mountain, symbolized by the Guest-Greeting Pine Mount Huang
6%
We take a train northeast 300 kilometers to Wuhan to visit this ancient building Yellow Crane Tower
6%
We travel northwest to Guangzhou, then take a train north 600 kilometers to this city in Hunan Province Changsha
0%
Now we take a train northwest to Urumqi, passing the entirety of this province Gansu
0%
We turn south and drive 200 kilometers to visit this ancient marketplace in Marrakesh Jemaa el-Fnaa
0%
We now sail down the Yangtze River 200 kilometers to this major freshwater lake Poyang Lake
0%
We continue west until we reach this river, then turn south to enter Uzbekistan at Tashkent Syr Darya
0%
No matching quizzes found
Score Distribution
Percent of People with Each Score
Percentile by Number Answered
Your Score History
You have not taken this quiz